000 00352nam a22001577a 4500
005 20260220161713.0
008 CU66
020 _a1853962503
050 _ahf 5681.b2 tay
100 _aTAYLOR P.A.
245 _aCONSOLIDATED FINANCIAL REPORTING
260 _aLONDON
_bP.C.P.
_c1996
300 _aIX,372p.,TABLES
500 _aINDEX
942 _2lcc
_cBK
_n0
999 _c8800
_d8800